01107cam a2200265 4500001001300000003000400013005001700017008004100034010001700075040003600092050002300128070002600151100003200177245008000209250000900289260012100298300002600419490003300445500013100478650003100609650001800640700008600658830008000744999001700824agr67000020 DLC20260227111025.0690717s1966 dcua 000 0 eng c aagr67000020  aU.S. Nat'l Agr. Libr.cDLCdDLC00aSB608.P45bO8 19660 a1 Ag84Ah no. 240 19661 aOsburn, Max Raymond,d1901-10aControlling insects and diseases of the pecanc[by M. R. Osburn and others. aRev. aWashington]bU.S. Dept. of Agriculture; [for sale by the Superintendent of Documents, U.S. Govt. Print. Off.,c1966] a55 p.billus.c24 cm.1 aAgriculture handbook no. 240 aReplaces his Insects and diseases of the pecan and their control, issued as U.S. Dept. of Agriculture. Farmers' bulletin 1829. 0aPecanxDiseases and pests. 3aPecanxPests.1 aOsburn, Max Raymond,d1901-tInsects and diseases of the pecan and their control. 0aAgriculture handbook (United States. Department of Agriculture) ;vno. 240. c12140d12140